Les 10 chansons les plus streamées de ces artistes ! #4 - Statistiques

Statistiques générales
  • Ce quiz a été pris 76 fois
  • Le résultat moyen est 15 sur 100
Statistiques - réponses
Streams
Dua Lipa % Correct
139,940,982 La bohème
70%
1,244,843,968 Back To Black
54%
1,568,078,891 Dancing Queen
54%
654,410,388 Mamma Mia
42%
292,882,345 La vie qu'on mène
40%
107,129,150 Emmenez-moi
39%
192,365,780 Lettre à une femme
37%
603,077,540 Rehab
37%
113,271,308 Hier encore
36%
914,621,238 Gimme! Gimme! Gimme! (A Man After Midnight)
34%
2,259,039,344 New Rules
34%
47,379,961 Résiste
34%
759,584,676 Houdini
33%
61,614,844 Il jouait du piano debout
33%
109,954,064 Ella, elle l'a
30%
1,034,083,471 Levitating
28%
2,255,727,406 Levitating (Remix)
28%
391,521,622 Waterloo
28%
514,134,595 Anaconda
25%
291,973,227 Money, Money, Money
25%
1,289,968,532 Starships
25%
27,488,216 Comme ils disent
22%
1,050,627,000 Dance The Night - From Barbie The Album
22%
168,434,519 Goutte d’eau
22%
171,422,403 Jefe
22%
469,694,424 The Winner Takes It All
22%
2,311,032,309 I Wanna Be Yours
21%
41,530,023 Poupée de cire, poupée de son
21%
171,444,538 Putana
21%
112,217,289 Zipette
21%
1,317,227,890 Do I Wanna Know?
19%
1,063,065,492 Physical
19%
1,685,563,993 505
18%
193,366,993 Break the Rules
18%
66,198,169 For Me... Formidable
18%
185,699,307 Maman ne le sait pas
18%
475,240,144 Guess (Remix)
16%
304,206,726 Apple
15%
7,427,965 Babacar
15%
1,682,862,120 IDGAF
15%
18,545,702 Je m'voyais déjà
15%
735,673,857 Love Again
15%
630,576,652 Valerie - Live At BBC Radio 1 Live Lounge, London / 2007
15%
476,287,292 Boom Clap
13%
1,291,886,179 Break My Heart
13%
18,658,024 Évidemment
13%
15,013,453 Si maman si
13%
968,113,241 Super Bass
13%
2,848,560,900 Don't Start Now
12%
327,902,158 360
10%
105,514,068 Dis-moi que tu m'aimes
10%
2,144,254,519 DÁKITI
9%
24,155,965 Mes emmerdes
9%
1,394,653,475 MIA
9%
1,663,885,751 Tití Me Preguntó
9%
127,441,197 VVS
9%
138,595,554 Fluorescent Adolescent
7%
553,484,370 Lay All Your Love On Me
7%
42,796,224 R U Mine?
7%
340,267,456 Super Trouper
7%
170,062,431 Von dutch
7%
1,007,499,474 Why'd You Only Call Me When You're High?
7%
156,737,755 365
6%
342,026,487 Chiquitita
6%
12,593,566 La déclaration d'amour
6%
31,211,406 Mardy Bum
6%
95,192,293 Tout en Gucci
6%
524,606,557 Barbie World [From Barbie The Album]
4%
1,564,946,016 Callaita
4%
18,174,581 Laisse tomber les filles
4%
164,152,088 No. 1 Party Anthem
4%
68,793,192 She - She / English Version 1 - Theme from the TV Series "Seven faces of Woman"
4%
449,068,086 Take A Chance On Me
4%
478,949,991 Tears Dry On Their Own
4%
549,360,673 You Know I'm No Good
4%
26,803,782 I Bet You Look Good On The Dancefloor
3%
28,464,754 Que c'est triste Venise
3%
265,490,219 Speed Drive (From Barbie The Album)
3%
603,417,495 Super Freaky Girl
3%
7,185,914 Viens je t'emmène
3%
32,983,347 When The Sun Goes Down
3%
186,290,712 Boys
1%
135,437,038 He Can Only Hold Her
1%
257,456,610 Love Is A Losing Game
1%
199,730,721 Me & Mr Jones
1%
1,257,294,618 Moscow Mule
1%
1,598,023,081 Ojitos Lindos
1%
153,062,874 Stronger Than Me
1%
1,483,772,884 Yonaguni
1%
247,771,534 1999
0%
406,095,292 Chun-Li
0%
1,436,167,390 Efecto
0%
419,165,326 Feeling Myself
0%
808,050,064 FEFE
0%
1,966,868,082 LA CANCIÓN
0%
2,003,061,168 Me Porto Bonito
0%
590,233,133 Only
0%
134,984,716 Our Day Will Come
0%
384,572,071 The Night Is Still Young
0%
27,169,000 Venecia Sin Ti - Que c'est triste Venise / Spanish Version
0%
Aucun quiz correspondant
Distribution des résultats
% des personnes avec chaque résultat
Percentile par nombre de réponses
Votre historique - résultats
Vous n’avez pas pris ce quiz